| 000 | 00785nam a2200241 u 4500 | ||
|---|---|---|---|
| 005 | 20240223063623.0 | ||
| 008 | 110913s2008 r 000 0 eng d | ||
| 020 | _a9789584504661 | ||
| 035 | _aUPN01000181806 | ||
| 049 | _aI | ||
| 050 | 4 |
_aPZ75 _bM3.26 |
|
| 100 | 1 |
_aMasini, Beatrice, _d1962- _935606 |
|
| 245 | 1 | 0 |
_aA pescar pensamientos / _cBeatrice Masini ; il. Lucia Salemi ; tr. Fredy Ordóñez. |
| 260 |
_aBogotá : _bNorma, _c2008. |
||
| 300 |
_a84 p. : _bprincipalmente il. col. |
||
| 440 | 0 |
_aTorre de papel. _pNaranja |
|
| 534 |
_pTítulo original: _tA pescare pensieri |
||
| 650 | 4 |
_aCuentos infantiles italianos _97373 |
|
| 650 | 7 |
_aAbuelos _vLiteratura infantil _2 _911576 |
|
| 650 | 0 |
_aAbuelos y nietos _911989 |
|
| 700 | 1 |
_aSalemi, Lucia, _eil. |
|
| 905 | _aInfantil | ||
| 999 |
_c153909 _d153909 |
||